Cinéma - Les répliques signées Audiard - Statistiques

Statistiques générales
  • Ce quiz a été pris 89 fois
  • Le résultat moyen est 11 sur 30
Statistiques - réponses
Question Réponse % Correct
Quand les types de 130 kilos disent certaines choses, ceux de 60 kilos les écoutent 100000 dollars au soleil
87%
Les cons, ça ose tout. C'est même à ça qu'on les reconnaît Les tontons flingueurs
87%
Où avez vous appris à dire autant de conneries ? - Deux ans de télé. Elle boit pas, elle fume pas... mais elle cause
67%
Touche pas au grisbi, salope ! Les tontons flingueurs
67%
- Faut reconnaître... C'est du brutal. - Vous avez raison, c'est curieux hein - J'ai connu une polonaise qui en prenait au petit déjeuner Les tontons flingueurs
67%
Mais moi les dingues, j'les soigne, j'm'en vais lui faire une ordonnance, et une sévère, j'vais lui montrer qui c'est Raoul. Aux quatre coins d'Paris qu'on va l'retrouver, éparpillé par petits bouts façon puzzle... Moi, quand on m'en fait trop j'correctionne plus, j'dynamite, j'disperse, et j'ventile Les tontons flingueurs
67%
Je pense que le jour où on mettra les cons sur orbite, t'as pas fini de tourner Le Pacha
60%
T'as de beaux yeux, tu sais Quai des Brumes
53%
Si la connerie n'est pas remboursée par les assurances sociales, vous finirez sur la paille. Un singe en hiver
53%
Manque un peu de moelleux, cela doit être un coupage. Mais, il est tonique, on le sent descendre… on le sent même vachement descendre… vous permettez, il est taquin, on s'y ferait vite ! Archimède le clochard
47%
Si vous allez aussi vite que je vous emmerde, pour une fois vous serez en avance sur l'horaire. Les vieux de la vieille
47%
Deux intellectuels assis vont moins loin qu'une brute qui marche Un taxi pour Tobrouk
47%
Moi, les Peaux-Rouges, j'vais pas les envoyer devant les jurés de la Seine, comme ça, y'aura plus de remise de peine et de non-lieu... J'vais organiser la Saint-Barthélémy du mitan Le Pacha
40%
Confidence pour confidence, des connards comme vous, ch'fous un coup d'pompe dans la télé, il en dégringole cinquante ! Comment réussir dans la vie quand on est con et pleurnichard
33%
Si ça se trouve, t'as même pas de cerveau. Quand on te regarde par en dessus, on doit voir tes dents. La grande sauterelle
33%
Dans chaque cambrioleur, il y a un Préfet de police qui sommeille. Le Président
33%
Vous l'avez vendu ! - Non pas vendu, donné. C'est gratuit la raison d'Etat. Le Professionnel
33%
Le monde est plein d'ennemi du Reich, camouflés, clandestins, têtus... Essayez donc de faire avouer à un Japonais qu'il est juif. Vous verrez si c'est facile... Babette s'en va en guerre
27%
Plus t'as de pognon, moins t'a de principes. L'oseille c'est la gangrène de l'âme. Des pissenlits par la racine
27%
Les médiocres se résignent à la réussite des êtres d'exception. Mais la réussite de l'un des leurs, ça les exaspère... Elle les frappe comme une injustice. Garde à vue
27%
La justice, c'est comme la Sainte Vierge, si on la voit pas de temps en temps, le doute s'installe Pile ou face
27%
Si t'as pas un grand-père banquier, veux-tu me dire à quoi ça sert d'être juif ? Un taxi pour Tobrouk
27%
Ah parce que tu appelles ça des petites filles ! Et les trottoirs ? t'appelles ça des jardins d'enfants ? Le Diable et les 10 commandements
13%
J'ai été assez longtemps dans l'armée pour avoir une certaine expérience de la trahison. Le gentleman d'Epsom
13%
Je suis ancien combattant, militant socialiste et bistrot... C'est dire si dans ma vie j'en ai entendu des conneries ! Un idiot à Paris
13%
Il vaut mieux s'en aller la tête basse que les pieds devant Un taxi pour Tobrouk
13%
Je vous laisse le choix entre le mariage et les menottes. - J'avoue que la différence m'échappe. La chasse à l'homme
7%
Taxi, taxi ! Au secours ! - C'est pas ma direction Mort d'un pourri
7%
Beaucoup de politiciens, d'aimables clowns, quelques duchesses, pas mal de putes... La qualité française quoi Mort d'un pourri
7%
Le flinguer comme ça de sang-froid, sans être tout à fait de l'assassinat, y'aurait quand même comme un cousinage ! Le cave se rebiffe
0%
Aucun quiz correspondant
Distribution des résultats
% des personnes avec chaque résultat
Percentile par nombre de réponses
Votre historique - résultats
Vous n’avez pas pris ce quiz